Factores de riesgos asociados a sepsis neonatal temprana en recien nacidos de madre con ruptura de membrana en una Institución de salud de cartagena en el 2018 / (Registro nro. 50232)

Detalles MARC
000 -LEADER
fixed length control field 01965nam a2200253 4500
005 - DATE AND TIME OF LATEST TRANSACTION
control field 20251029195845.0
008 - FIXED-LENGTH DATA ELEMENTS--GENERAL INFORMATION
fixed length control field 190415s2025 000 0 eng d
040 ## - CATALOGING SOURCE
Original cataloging agency CO-CtgCURN
Language of cataloging spa
Transcribing agency coctgcurn
082 0# - DEWEY DECIMAL CLASSIFICATION NUMBER
Classification number INQ 2025
Item number M361
100 1# - MAIN ENTRY--PERSONAL NAME
Personal name Marrugo Madrid, Laury Malena.
245 10 - TITLE STATEMENT
Title Factores de riesgos asociados a sepsis neonatal temprana en recien nacidos de madre con ruptura de membrana en una Institución de salud de cartagena en el 2018 /
Statement of responsibility, etc. Laury Malena Marrugo Madrid; Marilyn del Carmen Amador Castellar; Elsa Isabel Anillo Marriaga; Melanie Roxanne Perlaza Ramos; Asesor: Jaime Alberto Lorduy Gómez.
260 ## - PUBLICATION, DISTRIBUTION, ETC.
Place of publication, distribution, etc. Cartagena de Indias :
Name of publisher, distributor, etc. Corporación Universitaria Rafael Nuñez,
Date of publication, distribution, etc. 2025.
300 ## - PHYSICAL DESCRIPTION
Extent 80 hojas.
504 ## - BIBLIOGRAPHY, ETC. NOTE
Bibliography, etc. note Trabajo de grado (Instrumentación quirúrgica). Corporación Universitaria Rafael Nuñez. Facultad de Ciencias de la Salud. Instrumentación Quirúrgica, 2025.
520 ## - SUMMARY, ETC.
Summary, etc. "La sepsis neonatal temprana es un problema de salud pública y es la principal causa de complicaciones y fallecimientos en las unidades de cuidados intensivos neonatales. Según estudios cada año se presentan millones de muertes neonatales en el mundo y el 35% son debido a procesos infecciosos. Diversos factores de riesgos asociados a esta infección en recién nacidos, pueden derivar en complicaciones mortalidad, incluso, el aumento de probabilidad de muerte del neonato."
650 #0 - SUBJECT ADDED ENTRY--TOPICAL TERM
Topical term or geographic name entry element Instrumentación quirúrgica
Form subdivision Tesis y disertaciones academicas.
700 1# - ADDED ENTRY--PERSONAL NAME
Personal name Amador Castellar, Marilyn del Carmen.
700 1# - ADDED ENTRY--PERSONAL NAME
Personal name Anillo Marriaga, Elsa Isabel.
700 1# - ADDED ENTRY--PERSONAL NAME
Personal name Perlaza Ramos, Melanie Roxanne.
700 1# - ADDED ENTRY--PERSONAL NAME
Personal name Lorduy Gómez, Jaime Alberto,
Relator term Asesor.
856 ## - ELECTRONIC LOCATION AND ACCESS
Uniform Resource Identifier <a href="https://unicurn.sharepoint.com/:b:/s/biblioteca/EXBw1p4lDXhDqRWRrBWVBOQBA13VJnJzP2xYRWBLCBPM5g?e=2n8RNH">https://unicurn.sharepoint.com/:b:/s/biblioteca/EXBw1p4lDXhDqRWRrBWVBOQBA13VJnJzP2xYRWBLCBPM5g?e=2n8RNH</a>
Public note Click aqui para ver el recurso en texto completo
942 ## - ADDED ENTRY ELEMENTS (KOHA)
Source of classification or shelving scheme Dewey Decimal Classification
Koha item type Trabajos de grado
Classification part INQ 2025
Item part M361
Existencias
Withdrawn status Lost status Source of classification or shelving scheme Damaged status Not for loan Collection Home library Current library Shelving location Date acquired Source of acquisition Cost, normal purchase price Inventory number Total checkouts Full call number Barcode Date last seen Price effective from Koha item type
    Dewey Decimal Classification     Trabajos de grado Miguel Henríquez Emiliani Miguel Henríquez Emiliani Trabajo de grado 06/01/2019 El autor 350000.00 025676   INQ 2025 M361 025676 06/20/2019 06/20/2019 Trabajos de grado